Corpoarate Governance: mechanisms and systems (Record no. 5916)

MARC details
000 -LEADER
fixed length control field 00541nam a22001937a 4500
003 - CONTROL NUMBER IDENTIFIER
control field OSt
005 - DATE AND TIME OF LATEST TRANSACTION
control field 20171212192620.0
008 - FIXED-LENGTH DATA ELEMENTS--GENERAL INFORMATION
fixed length control field 171212b xxu||||| |||| 00| 0 eng d
020 ## - INTERNATIONAL STANDARD BOOK NUMBER
International Standard Book Number 9780077132590
040 ## - CATALOGING SOURCE
Transcribing agency DDC
082 ## - DEWEY DECIMAL CLASSIFICATION NUMBER
Classification number 658.4 THO 2012
100 ## - MAIN ENTRY--PERSONAL NAME
Personal name Thomsen, Steen; Conyon, Martin
9 (RLIN) 12290
245 ## - TITLE STATEMENT
Title Corpoarate Governance: mechanisms and systems
260 ## - PUBLICATION, DISTRIBUTION, ETC. (IMPRINT)
Place of publication, distribution, etc. London; McGraw-hill, 2012
300 ## - PHYSICAL DESCRIPTION
Extent xv,367p; ill: 25cm
504 ## - BIBLIOGRAPHY, ETC. NOTE
Bibliography, etc References, & index included
650 ## - SUBJECT ADDED ENTRY--TOPICAL TERM
Topical term or geographic name as entry element Corpoarate Governance
9 (RLIN) 12291
942 ## - ADDED ENTRY ELEMENTS (KOHA)
Source of classification or shelving scheme Other/Generic Classification Scheme
Koha item type Book Bank
Holdings
Withdrawn status Lost status Source of classification or shelving scheme Damaged status Not for loan Home library Current library Date acquired Inventory number Total Checkouts Full call number Barcode Date last seen Koha item type
    Other/Generic Classification Scheme     MUST Main Library MUST Main Library 12/12/2017 17/40248   658.4 THO 2012 2017-0976 12/12/2017 Open Shelf
    Other/Generic Classification Scheme     MUST Main Library MUST Main Library 12/12/2017 17/40249   658.4 THO 2012 2017-0977 12/12/2017 Open Shelf